Trivia #3 - Framed! - Statistics

General Stats
  • This quiz has been taken 32 times
  • The average score is 6 of 15
Answer Stats
Picture Answer % Correct
Fight Club
90%
Gladiator
86%
Good Will Hunting
69%
The Princess Bride
62%
Willy Wonka and the Chocolate Factory
59%
Leon: The Professional
48%
The Godfather
45%
Night at the Museum: Battle of the Smithsonian
34%
The Notebook
34%
Challengers
31%
Apocalypse Now
21%
Prometheus
21%
The Holdovers
17%
Forgetting Sarah Marshall
14%
Nightmare Alley
7%
No matching quizzes found
Score Distribution
Percent of People with Each Score
Percentile by Number Answered
Your Score History
You have not taken this quiz